000 00953cam a2200289 a 4500
001 917
003 BD-RjUL
005 20211208233239.0
008 131124r19661964nyuac b 001 0 eng
035 _a(BD-RjUL)939
040 _aDLC
_cDLC
_dDLC
_dBD-RjUL
_beng
041 _aeng
082 0 0 _a302.23023
_221
_bRIM
100 1 _aRivers, William L.
_92725
245 1 4 _aThe mass media : reporting, writing, editing /
_cRivers, Wiliam L.
260 _aNew York:
_bHarper & Row,
_cc1964 [Reprint 1966].
300 _aviii, 531 p. :
_billus. ports. ;
_c22 cm.
504 _aIncludes bibliographies.
650 0 _aMass media
_xVocational guidance.
_92726
650 0 _aMass media
_xAuthorship
_xVocational guidance.
_92727
650 0 _aReport writing
_xVocational guidance.
_92728
650 0 _aJournalism
_xVocational guidance.
_92729
650 0 _aEditing
_xVocational guidance.
_92730
942 _2ddc
_cBK
999 _c917
_d917